000
00274nam a2200121Ia 4500
008
190216s9999||||xx |||||||||||||| ||und||
100
_a
Singh K
245
0
_a
Industrial Sociology
260
_b
Prakasan Kendra
_c
1997
300
_a
348 p
650
_a
Economics
942
_c
BK
999
_c
10183
_d
10183